000 00329 a2200145 4500
001 47910
040 _cAnchieta - Aquarius
100 _a Universidade Federal do Espírito Santo
240 1 0 _aColetânea de Poemas
_lpor
245 1 0 _aColetânea de Poemas
300 _a124
362 0 _a2015
650 4 _aPoesia
942 _cBK
999 _c47910
_d47910